Les 75 personnages les plus cités dans Harry Potter - Statistiques

Statistiques générales
  • Ce quiz a été pris 274 fois
  • Le résultat moyen est 44 sur 75
Statistiques - réponses
Mentions Personnage % Correct
18 956 Harry Potter
100%
5 486 Hermione Granger
100%
6 464 Ron Weasley
98%
2 421 Albus Dumbledore
94%
1 797 Voldemort
93%
1 956 Severus Rogue
89%
1 198 Drago Malefoy
87%
2 024 Rubeus Hagrid
87%
770 Minerva McGonagall
86%
920 Fred Weasley
84%
821 George Weasley
84%
1 471 Sirius Black
83%
771 Ginny Weasley
82%
190 James Potter
80%
127 Lily Potter
80%
780 Arthur Weasley
79%
722 Molly Weasley
79%
249 Lucius Malefoy
78%
810 Neville Londubat
77%
864 Remus Lupin
77%
302 Bill Weasley
76%
356 Luna Lovegood
76%
258 Fleur Delacour
75%
426 Percy Weasley
75%
215 Cho Chang
74%
220 Bellatrix Lestrange
73%
110 Charlie Weasley
73%
469 Dobby
73%
353 Cédric Diggory
71%
277 Viktor Krum
69%
637 Dolores Ombrage
68%
116 Katie Bell
66%
486 Peter Pettigrow
66%
583 Alastor Maugrey
64%
467 Dudley Dursley
64%
228 Gregory Goyle
64%
530 Vernon Dursley
63%
224 Vincent Crabbe
62%
242 Nymphadora Tonks
61%
314 Pétunia Dursley
61%
204 Hedwige
59%
140 Filius Flitwick
54%
179 Seamus Finnigan
52%
212 Dean Thomas
51%
122 Quirinus Quirrell
50%
262 Gilderoy Lockhart
49%
493 Cornelius Fudge
47%
141 Lavande Brown
46%
165 Igor Karkaroff
44%
262 Sibylle Trelawney
44%
288 Argus Rusard
43%
295 Barty Croupton Senior
43%
312 Kreattur
43%
119 Mimi Geignarde
43%
208 Olivier Dubois
42%
112 Olympe Maxime
42%
136 Buck
41%
432 Horace Slughorn
40%
135 Angelina Johnson
39%
106 Kingsley Shacklebolt
39%
162 Pattenrond
39%
123 Nick-Quasi-Sans-Tête
38%
133 Parvati Patil
38%
124 Xenophilius Lovegood
36%
156 Poppy Pomfresh
33%
117 Garrick Ollivander
31%
109 Lee Jordan
30%
105 Crockdur
26%
164 Peeves
26%
188 Rita Skeeter
25%
147 Mondingus Fletcher
24%
140 Gripsec
21%
162 Winky
20%
246 Ludovic Verpey
16%
153 Rufus Scrimgeour
8%
Aucun quiz correspondant
Distribution des résultats
% des personnes avec chaque résultat
Percentile par nombre de réponses
Votre historique - résultats
Vous n’avez pas pris ce quiz